Statistics for Everton most expensive signings

Click here to take the quiz!

General Stats

  • This quiz has been taken 33 times
  • The average score is 8 of 10

Answer Stats

Signed fromSeasonFee (€)Player% Correct
Watford18/1939.2 millionRicharlison
94%
Lille22/2335 millionAmadou Onana
90%
Swansea City17/1849.4 millionGylfi Sigurðsson
90%
Chelsea14/1535.36 millionRomelu Lukaku
90%
Juventus19/2027.5 millionMoise Kean
87%
Arsenal19/2030.4 millionAlex Iwobi
84%
Sunderland17/1828.5 millionJordan Pickford
81%
Burnley17/1828.5 millionMichael Keane
81%
Barcelona18/1930.25 millionYerry Mina
68%
Crystal Palace16/1728.9 millionYannick Bolasie
55%

Score Distribution

Percentile by Number Answered

Percent of People with Each Score

Your Score History

You have not taken this quiz